[Event "Titled Tuesday intern op 06th Jun Early"]
[Site "Chess.com INT"]
[Date "2023.06.06"]
[Round "7"]
[White "Prestia, Paris"]
[Black "Chylewski, Patryk"]
[Result "0-1"]
[WhiteElo "2059"]
[BlackElo "2290"]
[PlyCount "124"]
[EventDate "2023.06.06"]
[EventType "swiss (blitz)"]
[EventRounds "11"]
[EventCountry "USA"]
[SourceTitle "EXT 2024"]
[Source "ChessBase"]
[SourceDate "2023.10.10"]
[SourceVersion "1"]
[SourceVersionDate "2023.10.10"]
[SourceQuality "1"]

1. d4 Nf6 2. Bg5 d5 3. e3 c5 4. Bxf6 gxf6 5. Nc3 e6 6. dxc5 Bxc5 7. Qh5 Nc6 8. 0-0-0 Qe7 9. Bb5 Bd7 10. Nge2 0-0-0 11. Kb1 f5 12. Qh6 Qf8 13. Qh4 Qg7 14. g3 Kb8 15. Nc1 h5 16. Nb3 Be7 17. Qf4+ Qe5 18. Qf3 h4 19. g4 fxg4 20. Qxg4 Rhg8 21. Qf3 Qf6 22. Qe2 Rg2 23. Rd2 Ne5 24. Bxd7 Rxd7 25. h3 Nc4 26. Rd4 Rxf2 27. Qe1 Rf3 28. Qc1 Nxe3 29. Rd3 Nc4 30. Rg1 Rd8 31. Rxf3 Qxf3 32. Nb5 Qxh3 33. Qf4+ e5 34. Qxf7 Qd7 35. Nc3 Bb4 36. Qf3 Bxc3 37. Qxc3 h3 38. Rh1 Rh8 39. Na5 Qg7 40. Nxc4 dxc4 41. b3 cxb3 42. axb3 h2 43. Kb2 Rh5 44. Qe3 Qg2 45. Qe1 Qd5 46. Qf1 Qd4+ 47. c3 Qd8 48. Ka3 Qe7+ 49. Kb2 Qe8 50. Qe2 Qh8 51. Qe4 Ka8 52. Qd5 Rh4 53. Rd1 a6 54. Qh1 Rh3 55. Re1 e4 56. Qxe4 Qxc3+ 57. Ka2 Qxb3+ 58. Ka1 Qa3+ 59. Kb1 Rb3+ 60. Kc2 Rb2+ 61. Kd1 Qa1+ 62. Qb1 Qxb1# 0-1

[Event "Titled Tuesday intern op 21st Feb Early"]
[Site "Chess.com INT"]
[Date "2023.02.21"]
[Round "1"]
[White "Martinkus, Rolandas"]
[Black "Prestia, Paris"]
[Result "1/2-1/2"]
[WhiteElo "1985"]
[BlackElo "2059"]
[PlyCount "109"]
[EventDate "2023.02.21"]
[EventType "swiss (blitz)"]
[EventRounds "11"]
[EventCountry "USA"]
[SourceTitle "CBM 212 Extra"]
[Source "ChessBase"]
[SourceDate "2023.03.31"]
[SourceVersion "1"]
[SourceVersionDate "2023.03.31"]
[SourceQuality "1"]

1. e4 c5 2. c3 Nf6 3. e5 Nd5 4. d4 cxd4 5. cxd4 e6 6. Nc3 Nxc3 7. bxc3 b6 8. Nf3 Bb7 9. Be2 d6 10. 0-0 Nd7 11. Bf4 Qc7 12. Rc1 dxe5 13. Nxe5 Nxe5 14. Bxe5 Bd6 15. Bb5+ Kf8 16. Bxd6+ Qxd6 17. c4 Rd8 18. c5 Qd5 19. f3 g5 20. Bc4 Qxd4+ 21. Qxd4 Rxd4 22. Bb3 Kg7 23. c6 Ba6 24. Rfd1 Rxd1+ 25. Rxd1 Rc8 26. Rd7 Rxc6 27. Rxa7 Bc4 28. Ba4 b5 29. Bd1 Rd6 30. Bc2 Rd2 31. Be4 Rxa2 32. Rc7 Rd2 33. h3 h6 34. Bc6 Rd8 35. Rb7 Rd1+ 36. Kh2 Rb1 37. Be8 e5 38. Kg3 h5 39. h4 gxh4+ 40. Kxh4 Rh1+ 41. Kg5 Rh2 42. g3 Rh3 43. g4 hxg4 44. fxg4 Rb3 45. Kf5 Be6+ 46. Kxe5 Bxg4 47. Bxf7 Rg3 48. Kf4 Rg1 49. Be6+ Kf6 50. Bxg4 Rb1 51. Bf3 Rb4+ 52. Ke3 Ke5 53. Re7+ Kd6 54. Re4 Rxe4+ 55. Bxe4 1/2-1/2